| 000 | 03501nam a22006857a 4500 | ||
|---|---|---|---|
| 003 | OSt | ||
| 005 | 20180914085052.0 | ||
| 008 | 180226b xxu||||| |||| 00| 0 spa d | ||
| 020 | _a9503305225 | ||
| 040 | _cPJ | ||
| 245 | 1 | 0 |
_aReforma política y voto electrónico / _bcoordinador/compilador José María Pérez Corti ; B. Austin ... [et al.]. |
| 260 |
_aCórdoba : _bCiencia, Derecho y Sociedad, _c2005. |
||
| 300 |
_a250 p. _c23 cm. |
||
| 490 | _aCongresos, Jornadas y Seminarios | ||
| 500 | _aLos contenidos de la presente obra reunen las ponencias realizadas en el seminario "Reforma política y voto electrónico" realizdomen Córdoba los días 11 y 12 de noviembre. | ||
| 505 |
_tApertura del seminario y de la feria informática electoral / _rRamón Pedro Yanzi Ferreira. |
||
| 505 |
_tReflexiones y dudas en materia de Tecnología / _rAlejandro Tullio. |
||
| 505 |
_tPoder judicial, elecciones y tecnología / _rLuis E. Rubio. |
||
| 505 |
_tSistema político, administración electoral y voto electrónico en perspectiva comparada / _rMarcelo Escobar. |
||
| 505 |
_tReflexiones para la logística nacional de la urna electrónica / _rRolando Visconti. |
||
| 505 |
_tProyecto de voto electrónico que se implemento en la provincia de Buenos Aires / _rAna M. Bourimborde. |
||
| 505 |
_tUshuaia 2003: el voto electrónico. Más y Mejor democracia / _rHoracio Maffei. |
||
| 505 |
_tLas experiencias con voto electrónico en Argentina / _rMaría Inés Tula. |
||
| 505 |
_tElecciones: representación y voto electrónico / _rA. Serveto _rG, Glosa. |
||
| 505 |
_tLa reforma política: Una mirada desde la cultura política / _rGonzálo F. Fernández. |
||
| 505 |
_tParticipación política y voto electrónico / _rJuan F. Brügge. |
||
| 505 |
_tReforma política, proceso electoral y nuevas tecnologías / _rJosé Mª Peréz Corti. |
||
| 505 |
_tModelo tecnológico y prueba piloto 2005 ciudad de Buenos Aires / _rNatalia Debandi. |
||
| 505 |
_tInformatización electora: Caso Ariston / _rMauro I. Décima. |
||
| 505 |
_tEl voto electrónico: ¿ Instrumento de modernización o de reforma política? / _rMª Eugenia Taquela |
||
| 505 |
_tModernización de la Política y de la democracia: Avances y retrocesos / _rSantiago L. Soleri. |
||
| 505 |
_tReforma política y voto electrónico / _rEnrique José Gastaldi. |
||
| 505 |
_tPalabras de cierre / _rGonzalo F. Fernández. _rG. Barrera Buteler. |
||
| 650 | 0 |
_9178 _aDERECHO CONSTITUCIONAL |
|
| 650 | 0 |
_9904 _aDERECHO ELECTORAL |
|
| 650 | 0 |
_91283 _aSUFRAGIO |
|
| 650 | 0 |
_91285 _aELECCIONES |
|
| 650 | 0 |
_91284 _aVOTO ELECTRONICO |
|
| 700 |
_aPérez Corti, José María _ecoordinador _ecompilador |
||
| 700 |
_91286 _aLópez Amaya, Félix |
||
| 700 |
_aTullio, Alejandro _91287 |
||
| 700 |
_aRubio, Luis E. _91288 |
||
| 700 |
_aEscolar, Marcelo _91289 |
||
| 700 |
_aVisconti, Rolando _91290 |
||
| 700 |
_aBourimborde, Ana M. _91292 |
||
| 700 |
_aTula, María Inés _91293 |
||
| 700 |
_aServetto, A. _91294 |
||
| 700 |
_aClosa, G. _91295 |
||
| 700 |
_aAustin, Brenda _91296 |
||
| 700 |
_aFernández, Gonzálo F. _91299 |
||
| 700 |
_aBrügge, Juan F. _91300 |
||
| 700 |
_aDebandi, Natalia _91301 |
||
| 700 |
_aDécima, Mauro I. _91302 |
||
| 700 |
_aTaquela, María Eugenia _91303 |
||
| 700 |
_aSoleri, Santiago L. _91304 |
||
| 700 |
_aGastaldi, Enrique José _91305 |
||
| 700 |
_aBarrera Buteler, Guillermo _9743 |
||
| 700 |
_aYanzi Ferreira, Ramón Pedro _91306 |
||
| 942 |
_2udc _cLIB _h342.84 _iREF |
||
| 999 |
_c926 _d926 |
||